[Event "BRA-ch 88th"]
[Site "Recife"]
[Date "2022.12.18"]
[Round "5"]
[White "Silva Junior, Marcelo Valeriano"]
[Black "Lima, Jhonatan William Be"]
[Result "1/2-1/2"]
[WhiteElo "1866"]
[BlackElo "1796"]
[PlyCount "148"]
[EventDate "2022.12.15"]
[EventType "swiss"]
[EventRounds "11"]
[EventCountry "BRA"]
[SourceTitle "CBM 212 Extra"]
[Source "ChessBase"]
[SourceDate "2023.03.31"]
[SourceVersion "1"]
[SourceVersionDate "2023.03.31"]
[SourceQuality "1"]

1. d4 d5 2. Nf3 c5 3. Nc3 Nf6 4. Bg5 Nc6 5. Bxf6 exf6 6. e3 cxd4 7. Nxd4 Bb4 8. Bb5 Bd7 9. Qd3 Ne5 10. Qe2 0-0 11. 0-0 Bxc3 12. bxc3 Rc8 13. Rfd1 Rxc3 14. Bxd7 Qxd7 15. e4 Rc5 16. Nb3 Rc3 17. Rxd5 Qc7 18. Nd4 a6 19. Rd1 b5 20. Qd2 h6 21. Rxb5 Rxc2 22. Qxc2 Qxc2 23. Nxc2 axb5 24. Rb1 Rc8 25. Nd4 b4 26. Kf1 Rc4 27. Rd1 Nc6 28. Nxc6 Rxc6 29. Ke2 Kf8 30. Rd4 Rc2+ 31. Rd2 Rc3 32. Kd1 Ke7 33. Rc2 Rd3+ 34. Kc1 b3 35. axb3 Rxb3 36. Kd2 Rb1 37. Ke3 Rd1 38. h3 Rd7 39. h4 g6 40. Rc8 h5 41. g3 Ke6 42. Re8+ Re7 43. Rxe7+ Kxe7 44. f4 Ke6 45. Kd4 Kd6 46. Kc4 Kc6 47. Kb4 Kb6 48. f5 g5 49. Kc4 Kc6 50. Kd4 gxh4 51. gxh4 Kd6 52. Kd3 Kc5 53. Kc3 Kc6 54. Kc4 Kc7 55. Kc5 Kc8 56. Kc6 Kd8 57. Kd6 Ke8 58. e5 fxe5 59. Kxe5 Ke7 60. f6+ Kd7 61. Kf5 Kd6 62. Kg5 Ke6 63. Kxh5 Kxf6 64. Kh6 Ke5 65. Kg5 f5 66. h5 Ke6 67. Kg6 f4 68. h6 f3 69. h7 f2 70. h8Q f1Q 71. Qc8+ Kd6 72. Qb8+ Kd7 73. Qb7+ Kd6 74. Qb6+ Kd7 1/2-1/2

[Event "Joao Pessoa Fischer Memorial 11th"]
[Site "Joao Pessoa"]
[Date "2022.05.06"]
[Round "2"]
[White "Silva Junior, Marcelo Valeriano"]
[Black "Martins, Vinicius Tine"]
[Result "0-1"]
[WhiteElo "1874"]
[BlackElo "2313"]
[PlyCount "70"]
[EventDate "2022.05.06"]
[EventType "swiss"]
[EventRounds "6"]
[EventCountry "BRA"]
[SourceTitle "EXT 2023"]
[Source "ChessBase"]
[SourceDate "2022.10.05"]
[SourceVersion "1"]
[SourceVersionDate "2022.10.05"]
[SourceQuality "1"]

1. d4 Nf6 2. Nf3 e6 3. Bg5 c5 4. c4 cxd4 5. Qxd4 Nc6 6. Bxf6 gxf6 7. Qd2 b6 8. Nc3 Bb7 9. a3 Na5 10. Qf4 Rc8 11. e3 f5 12. Rd1 Bxf3 13. gxf3 Bg7 14. Nb5 Bxb2 15. Nd6+ Ke7 16. Nxc8+ Qxc8 17. Qd6+ Ke8 18. Be2 Nb7 19. Qd2 Bf6 20. Rg1 Qc7 21. e4 fxe4 22. fxe4 Nc5 23. Bf3 Qxh2 24. Rg2 Qe5 25. Kf1 h5 26. a4 h4 27. a5 h3 28. Rg1 h2 29. Rh1 Bg5 30. Qa2 Ke7 31. axb6 axb6 32. Qa7 Rb8 33. Kg2 Bf4 34. Rhe1 Qc3 35. e5 Rg8+ 0-1

[Event "Recife Tavares Memorial 2nd"]
[Site "Recife"]
[Date "2019.05.12"]
[Round "5"]
[White "De Magalhaes, Jonathas Jose"]
[Black "Silva Junior, Marcelo Valeriano"]
[Result "1-0"]
[WhiteElo "2109"]
[BlackElo "1864"]
[PlyCount "71"]
[EventDate "2019.05.10"]
[EventType "swiss"]
[EventRounds "6"]
[EventCountry "BRA"]
[SourceTitle "CBM 190 Extra"]
[Source "ChessBase"]
[SourceDate "2019.07.15"]
[SourceVersion "1"]
[SourceVersionDate "2019.07.15"]
[SourceQuality "1"]

1. e4 e5 2. Nf3 Nc6 3. Bb5 d6 4. c3 Nf6 5. d3 Be7 6. 0-0 0-0 7. Re1 Bg4 8. h3 Bh5 9. Nbd2 Nd7 10. Nf1 Bh4 11. Ba4 Nc5 12. Bc2 Qf6 13. g4 Bg6 14. g5 Qe6 15. Nxh4 Qxh3 16. Nxg6 fxg6 17. Re3 Qh4 18. Rg3 Ne6 19. Qg4 Qxg4 20. Rxg4 Kf7 21. Bb3 Ke7 22. Bxe6 Kxe6 23. Be3 Rf7 24. Rh4 Rh8 25. Kg2 d5 26. exd5+ Kxd5 27. Ng3 Ne7 28. Rah1 Nf5 29. Nxf5 gxf5 30. g6 Rf6 31. gxh7 f4 32. Bc1 g5 33. Rh6 Rf7 34. Kf3 Rg7 35. Kg4 c5 36. c4+ 1-0

[Event "Florianopolis op 5th"]
[Site "Florianopolis"]
[Date "2019.01.24"]
[Round "5"]
[White "Silva Junior, Marcelo Valeriano"]
[Black "Fabrega, Enrique"]
[Result "0-1"]
[WhiteElo "1891"]
[BlackElo "2125"]
[PlyCount "128"]
[EventDate "2019.01.21"]
[EventType "swiss"]
[EventRounds "10"]
[EventCountry "BRA"]
[SourceTitle "CBM 188 Extra"]
[Source "ChessBase"]
[SourceDate "2019.02.28"]
[SourceVersion "1"]
[SourceVersionDate "2019.02.28"]
[SourceQuality "1"]

1. e4 e5 2. Bc4 Qh4 3. Qe2 Nf6 4. Nc3 Be7 5. Nf3 Qh5 6. d3 d6 7. h3 Nc6 8. 0-0 0-0 9. Be3 h6 10. a3 a6 11. Rad1 Be6 12. d4 exd4 13. Nxd4 Nxd4 14. Bxd4 Qxe2 15. Bxe2 Rad8 16. f4 Bc8 17. Rd3 b5 18. Rg3 c5 19. Be3 b4 20. axb4 cxb4 21. Nd5 Nxd5 22. exd5 Bf6 23. b3 Rfe8 24. Bc4 Rxe3 25. Rxe3 Bd4 26. Rfe1 a5 27. Kf2 Bf5 28. Kf3 Bxe3 29. Rxe3 Kf8 30. Bd3 Bxd3 31. Rxd3 Rc8 32. Rd2 Rc5 33. Ke4 Ke7 34. Kd4 Kf6 35. g4 Rc3 36. Rh2 g6 37. Ke4 Rg3 38. Rh1 Rg2 39. Kd3 h5 40. gxh5 gxh5 41. Ra1 Rg3+ 42. Ke4 Rxh3 43. Rxa5 Rc3 44. Ra6 Ke7 45. Kf5 Rg3 46. Ra7+ Kf8 47. Ra1 h4 48. Rh1 h3 49. Kf6 Rg6+ 50. Kf5 Rg3 51. Ke4 Kg7 52. Kd4 Rc3 53. Ke4 Kf6 54. Rh2 Kg6 55. f5+ Kg5 56. Rh1 Kg4 57. Rg1+ Rg3 58. Rh1 Rg2 59. c4 bxc3 60. Kd3 c2 61. b4 h2 62. b5 Rg1 63. Kxc2 Rxh1 64. b6 Rc1+ 0-1

[Event "Florianopolis op 5th"]
[Site "Florianopolis"]
[Date "2019.01.24"]
[Round "6"]
[White "Trois, Francisco R Torres"]
[Black "Silva Junior, Marcelo Valeriano"]
[Result "1-0"]
[WhiteElo "2163"]
[BlackElo "1891"]
[PlyCount "38"]
[EventDate "2019.01.21"]
[EventType "swiss"]
[EventRounds "10"]
[EventCountry "BRA"]
[SourceTitle "CBM 188 Extra"]
[Source "ChessBase"]
[SourceDate "2019.02.28"]
[SourceVersion "1"]
[SourceVersionDate "2019.02.28"]
[SourceQuality "1"]

1. Nf3 d5 2. g3 Nc6 3. d3 e5 4. Bg2 Bg4 5. h3 Bh5 6. c3 f5 7. Qb3 Rb8 8. Ng5 Nf6 9. Ne6 Qd6 10. Nxf8 Rxf8 11. Bg5 h6 12. Bxf6 Qxf6 13. Qxd5 Rd8 14. Qc5 e4 15. dxe4 fxe4 16. Qxh5+ g6 17. Qc5 Rd5 18. Qe3 Nb4 19. 0-0 Nc2 1-0

[Event "Florianopolis op 5th"]
[Site "Florianopolis"]
[Date "2019.01.22"]
[Round "3"]
[White "Silva Junior, Marcelo Valeriano"]
[Black "De Souza, Lucio Teixeira"]
[Result "1-0"]
[WhiteElo "1891"]
[BlackElo "1626"]
[PlyCount "85"]
[EventDate "2019.01.21"]
[EventType "swiss"]
[EventRounds "10"]
[EventCountry "BRA"]
[SourceTitle "CBM 188 Extra"]
[Source "ChessBase"]
[SourceDate "2019.02.28"]
[SourceVersion "1"]
[SourceVersionDate "2019.02.28"]
[SourceQuality "1"]

1. e4 c5 2. Nf3 d6 3. Bb5+ Bd7 4. Bxd7+ Nxd7 5. 0-0 Ngf6 6. Nc3 a6 7. Re1 e6 8. d4 cxd4 9. Nxd4 Be7 10. f4 Qc7 11. Kh1 0-0 12. Re3 Rfe8 13. Rg3 Rad8 14. Qf3 b5 15. a3 Nb6 16. h4 Nc4 17. h5 Qc5 18. h6 Qh5+ 19. Qxh5 Nxh5 20. Rh3 Nf6 21. hxg7 Rc8 22. b3 Na5 23. Bb2 Nc6 24. Nce2 Nxe4 25. Rf1 Nxd4 26. Nxd4 Bf6 27. Re3 d5 28. g4 Bxg7 29. c3 Bf8 30. Kg2 Bd6 31. Rh3 Bc5 32. Ne2 Rcd8 33. Rh5 Bf8 34. Rh3 f6 35. Rfh1 Re7 36. Nd4 Rg7 37. Nxe6 Rxg4+ 38. Kf3 Rd7 39. Nxf8 Kxf8 40. Kxg4 Nf2+ 41. Kf3 Nxh1 42. Rxh1 Kg7 43. Re1 1-0

[Event "Florianopolis op 5th"]
[Site "Florianopolis"]
[Date "2019.01.21"]
[Round "1"]
[White "Silva Junior, Marcelo Valeriano"]
[Black "Kuster, Michel Thiago"]
[Result "1-0"]
[WhiteElo "1891"]
[BlackElo "1066"]
[PlyCount "37"]
[EventDate "2019.01.21"]
[EventType "swiss"]
[EventRounds "10"]
[EventCountry "BRA"]
[SourceTitle "CBM 188 Extra"]
[Source "ChessBase"]
[SourceDate "2019.02.28"]
[SourceVersion "1"]
[SourceVersionDate "2019.02.28"]
[SourceQuality "1"]

1. d4 d5 2. Nf3 Nf6 3. Bf4 Bg4 4. e3 c5 5. h3 Bh5 6. g4 Bg6 7. Bxb8 Rxb8 8. Bb5+ Nd7 9. Ne5 Qa5+ 10. Nc3 Kd8 11. Nxd7 Rc8 12. Nxc5 Rc7 13. Nb3 Qb4 14. Bd3 Be4 15. Bxe4 dxe4 16. d5 g6 17. Qd4 Qxd4 18. Nxd4 Bg7 19. 0-0-0 1-0

[Event "Recife Rafael Cabral Cup 6th"]
[Site "Recife"]
[Date "2018.09.29"]
[Round "4"]
[White "Silva Junior, Marcelo Valeriano"]
[Black "Pereira Fo, Hildebrando Apolon"]
[Result "1-0"]
[WhiteElo "1900"]
[BlackElo "1619"]
[PlyCount "85"]
[EventDate "2018.09.28"]
[EventType "swiss"]
[EventRounds "6"]
[EventCountry "BRA"]
[SourceTitle "EXT 2020"]
[Source "ChessBase"]
[SourceDate "2019.10.17"]
[SourceVersion "1"]
[SourceVersionDate "2019.10.17"]
[SourceQuality "1"]

1. d4 d5 2. Nf3 Nf6 3. Nc3 c6 4. Bf4 g6 5. e3 Bg7 6. Bd3 Nbd7 7. Qe2 Nh5 8. Bg3 Nxg3 9. hxg3 e5 10. dxe5 Nxe5 11. Nxe5 Bxe5 12. f4 Bxc3+ 13. bxc3 h5 14. Kd2 Bg4 15. Qxg4 hxg4 16. Rxh8+ Ke7 17. Rxd8 Rxd8 18. Re1 Kd6 19. c4 Kc5 20. cxd5 Rxd5 21. e4 Rd4 22. e5 Ra4 23. e6 fxe6 24. Rxe6 Rxa2 25. Rxg6 Ra1 26. Rxg4 Kd4 27. f5+ Ke5 28. Re4+ Kf6 29. Re6+ Kf7 30. Re1 Ra4 31. Re4 Ra1 32. g4 Rg1 33. Re2 Kf6 34. Be4 a5 35. Bf3 a4 36. Kc3 Rb1 37. Re6+ Kf7 38. Bxc6 a3 39. Bd5 Kf8 40. Rf6+ Ke7 41. Rf7+ Kd6 42. Ba2 Rb5 43. g5 1-0

[Event "Recife Rafael Cabral Cup 6th"]
[Site "Recife"]
[Date "2018.09.28"]
[Round "1"]
[White "De Oliveira, Itala Chesley Lopes"]
[Black "Silva Junior, Marcelo Valeriano"]
[Result "0-1"]
[WhiteElo "1489"]
[BlackElo "1900"]
[PlyCount "34"]
[EventDate "2018.09.28"]
[EventType "swiss"]
[EventRounds "6"]
[EventCountry "BRA"]
[SourceTitle "EXT 2020"]
[Source "ChessBase"]
[SourceDate "2019.10.17"]
[SourceVersion "1"]
[SourceVersionDate "2019.10.17"]
[SourceQuality "1"]

1. e4 e5 2. Nf3 Nc6 3. d4 exd4 4. Nxd4 Nxd4 5. Qxd4 d6 6. Bf4 Be6 7. e5 dxe5 8. Qxd8+ Rxd8 9. Bxe5 c6 10. Be2 Bf5 11. c3 Rd5 12. Bg3 Nf6 13. Bf3 Rb5 14. b3 Bd3 15. c4 Bb4+ 16. Nd2 Rf5 17. 0-0-0 Ba3# 0-1

[Event "Agua Preta op"]
[Site "Agua Preta"]
[Date "2017.11.25"]
[Round "4"]
[White "Ramos Azevedo, Edmundo Roberto"]
[Black "Silva Junior, Marcelo Valeriano"]
[Result "1-0"]
[WhiteElo "2012"]
[BlackElo "1903"]
[PlyCount "123"]
[EventDate "2017.11.24"]
[EventType "swiss"]
[EventRounds "6"]
[EventCountry "BRA"]
[SourceTitle "CBM 181 Extra"]
[Source "ChessBase"]
[SourceDate "2017.12.12"]
[SourceVersion "1"]
[SourceVersionDate "2017.12.12"]
[SourceQuality "1"]

1. d4 d5 2. Bf4 Nc6 3. e3 Nf6 4. c4 e6 5. a3 Be7 6. Nf3 0-0 7. Nc3 dxc4 8. Bxc4 Nd5 9. Nxd5 exd5 10. Bb5 Nb8 11. 0-0 c6 12. Bd3 Bg4 13. h3 Bh5 14. Rc1 f5 15. Be2 Nd7 16. b4 a6 17. Qb3 Nf6 18. Rc2 Ne4 19. Ne5 Bxe2 20. Rxe2 Bf6 21. Nd3 g5 22. Be5 g4 23. hxg4 fxg4 24. g3 Ng5 25. Kg2 Bxe5 26. Nxe5 h5 27. e4 Nf3 28. Rd1 Qf6 29. Nd7 Nh4+ 30. Kg1 Qf3 31. Qxf3 Nxf3+ 32. Kg2 Rf7 33. Nc5 dxe4 34. Rxe4 Raf8 35. Nd3 Rd8 36. Nf4 Rf5 37. Re7 Rxd4 38. Rxd4 Nxd4 39. Rxb7 a5 40. Rd7 Nc2 41. Ng6 Rf7 42. Rxf7 Kxf7 43. Ne5+ Ke8 44. Nxc6 a4 45. b5 Kd7 46. Ne5+ Kc7 47. Nc4 Nd4 48. b6+ Kc6 49. Kf1 Kb5 50. b7 Nc6 51. Nb2 Kb6 52. Nxa4+ Kxb7 53. Nc5+ Kb6 54. Ne4 Kb5 55. Nf6 Ka4 56. Nxh5 Kxa3 57. Nf6 Ne5 58. Ke2 Kb4 59. Ke3 Kc4 60. Kf4 Nd3+ 61. Ke3 Ne5 62. Ke4 1-0

[Event "Agua Preta op"]
[Site "Agua Preta"]
[Date "2017.11.24"]
[Round "2"]
[White "Heubeck, Flavio"]
[Black "Silva Junior, Marcelo Valeriano"]
[Result "0-1"]
[WhiteElo "1688"]
[BlackElo "1903"]
[PlyCount "60"]
[EventDate "2017.11.24"]
[EventType "swiss"]
[EventRounds "6"]
[EventCountry "BRA"]
[SourceTitle "CBM 181 Extra"]
[Source "ChessBase"]
[SourceDate "2017.12.12"]
[SourceVersion "1"]
[SourceVersionDate "2017.12.12"]
[SourceQuality "1"]

1. c4 e5 2. Nc3 Nc6 3. g3 Nf6 4. Bg2 Bc5 5. e3 0-0 6. a3 d6 7. Nge2 Re8 8. d3 Bg4 9. 0-0 Qd7 10. Ne4 Nxe4 11. Bxe4 f5 12. Bg2 f4 13. Bd5+ Kh8 14. Qc2 f3 15. Nc3 Bh5 16. Kh1 Qh3 17. Rg1 Ne7 18. b4 Bb6 19. Be4 Rf8 20. Qd1 Rf6 21. Qf1 Qd7 22. a4 c6 23. a5 Bc7 24. d4 d5 25. cxd5 cxd5 26. Bc2 e4 27. Bb3 Rh6 28. Ba3 Qf5 29. Ra2 Bg4 30. Qb5 Rxh2+ 0-1

[Event "Recife Arraes Memorial 10th"]
[Site "Recife"]
[Date "2017.10.08"]
[Round "5"]
[White "Silva Junior, Marcelo Valeriano"]
[Black "Akasaka, Eduardo"]
[Result "1-0"]
[WhiteElo "1793"]
[BlackElo "1480"]
[PlyCount "81"]
[EventDate "2017.10.06"]
[EventType "swiss"]
[EventRounds "6"]
[EventCountry "BRA"]
[SourceTitle "CBM 181 Extra"]
[Source "ChessBase"]
[SourceDate "2017.12.12"]
[SourceVersion "1"]
[SourceVersionDate "2017.12.12"]
[SourceQuality "1"]

1. e4 d5 2. exd5 Qxd5 3. d4 Nf6 4. Nc3 Qd8 5. Nf3 Bg4 6. Be2 e6 7. 0-0 Be7 8. h3 Bf5 9. Nh4 Bg6 10. Nxg6 hxg6 11. Bg5 Nbd7 12. Bf3 c6 13. Re1 Qa5 14. Ne4 0-0 15. Qe2 Rfe8 16. Bd2 Qc7 17. Rad1 Rad8 18. c3 Nxe4 19. Bxe4 Nf6 20. Bc2 Rd5 21. Qf3 Rh5 22. Bf4 Bd6 23. Bxd6 Qxd6 24. Re2 Qd8 25. Rde1 Nh7 26. Qg3 Rg5 27. Qe3 Qd5 28. f4 Rh5 29. g4 Rh6 30. Bb3 Qd6 31. c4 Qc7 32. d5 cxd5 33. cxd5 Nf8 34. Kg2 b6 35. Rc2 Qb7 36. Kg3 Qe7 37. g5 Rh5 38. Rd2 Qc5 39. Qxc5 bxc5 40. d6 Nd7 41. Ba4 1-0

[Event "Recife Arraes Memorial 10th"]
[Site "Recife"]
[Date "2017.10.07"]
[Round "3"]
[White "Silva Junior, Marcelo Valeriano"]
[Black "Brasil, Alberto Silveira"]
[Result "1-0"]
[WhiteElo "1793"]
[BlackElo "2017"]
[PlyCount "127"]
[EventDate "2017.10.06"]
[EventType "swiss"]
[EventRounds "6"]
[EventCountry "BRA"]
[SourceTitle "CBM 181 Extra"]
[Source "ChessBase"]
[SourceDate "2017.12.12"]
[SourceVersion "1"]
[SourceVersionDate "2017.12.12"]
[SourceQuality "1"]

1. d4 d5 2. Nf3 Nf6 3. Bf4 e6 4. e3 c5 5. Bb5+ Bd7 6. Bxd7+ Nbxd7 7. 0-0 cxd4 8. exd4 Be7 9. Nbd2 0-0 10. Qe2 Qb6 11. Nb3 Rfc8 12. c3 a5 13. Nc1 a4 14. a3 Ra5 15. Nd3 Ne4 16. Nd2 Ndf6 17. f3 Nd6 18. Rab1 Nf5 19. g4 Nh4 20. Bg3 Nd7 21. Qf2 Ng6 22. h4 Bd6 23. h5 Ne7 24. Bxd6 Qxd6 25. Rbe1 h6 26. Re2 Nf6 27. Rfe1 Nc6 28. Ne5 Nh7 29. f4 Nf6 30. Qh4 Rb5 31. Ndf3 Ne4 32. g5 Nxe5 33. Nxe5 Qe7 34. Rg2 Nd6 35. Qg4 hxg5 36. fxg5 Nf5 37. h6 Ra5 38. h7+ Kh8 39. g6 Nh6 40. Nxf7+ Qxf7 41. gxf7 Nxg4 42. Rxg4 Ra6 43. Rg6 Rf8 44. Rgxe6 Rxe6 45. Rxe6 Rxf7 46. Rd6 Rf5 47. Rb6 Rf7 48. Rb5 Rd7 49. Rb4 Kxh7 50. Rxa4 Kg6 51. Ra7 Kf5 52. a4 Re7 53. a5 Re1+ 54. Kf2 Ra1 55. Rxb7 g5 56. b4 Ke4 57. Kg3 Rg1+ 58. Kf2 Ra1 59. Re7+ Kd3 60. Re3+ Kc4 61. Kg3 Rg1+ 62. Kh2 Ra1 63. Rg3 Ra3 64. Kh3 1-0

[Event "Fortaleza Genti Memorial"]
[Site "Fortaleza"]
[Date "2017.09.23"]
[Round "3"]
[White "Correia, Mario Rui Costa"]
[Black "Silva Junior, Marcelo Valeriano"]
[Result "1/2-1/2"]
[WhiteElo "2098"]
[BlackElo "1793"]
[PlyCount "127"]
[EventDate "2017.09.22"]
[EventType "swiss"]
[EventRounds "6"]
[EventCountry "BRA"]
[SourceTitle "CBM 180 Extra"]
[Source "ChessBase"]
[SourceDate "2017.10.06"]
[SourceVersion "1"]
[SourceVersionDate "2017.10.06"]
[SourceQuality "1"]

1. c4 e5 2. g3 Nc6 3. Bg2 Nf6 4. Nc3 Bb4 5. e3 d6 6. Nge2 Be6 7. Qa4 Bd7 8. Qb3 Rb8 9. 0-0 Bxc3 10. Qxc3 Qc8 11. d4 Bh3 12. d5 Bxg2 13. Kxg2 Ne7 14. Qd3 e4 15. Qd1 h5 16. Bd2 Ng6 17. Nf4 Nxf4+ 18. exf4 h4 19. Rh1 h3+ 20. Kf1 0-0 21. Bc3 Ng4 22. Qd4 f6 23. Re1 Re8 24. Rxe4 Rxe4 25. Qxe4 Qd7 26. f5 Ne5 27. Bxe5 dxe5 28. b3 b5 29. Ke2 bxc4 30. Qxc4 Qd6 31. Rc1 Rb4 32. Qc6 Re4+ 33. Kf3 Rd4 34. Rc5 Qxc6 35. Rxc6 Rxd5 36. Rxc7 a5 37. Rb7 Kh7 38. a4 Kh6 39. Ke3 Rd1 40. Kf3 Rh1 41. g4 Rxh2 42. Kg3 Rg2+ 43. Kxh3 Rxf2 44. Kg3 Rc2 45. Ra7 Rc3+ 46. Kh4 Rxb3 47. Rxa5 g5+ 48. fxg6 Kxg6 49. Ra8 Rb4 50. Kh3 Kg5 51. Rg8+ Kf4 52. Rg6 Rxa4 53. Rxf6+ Ke3 54. g5 Ra7 55. g6 Rg7 56. Kg4 e4 57. Ra6 Kd2 58. Ra2+ Ke1 59. Ra6 Kf2 60. Rf6+ Ke2 61. Kf5 e3 62. Ke4 Re7+ 63. Kf5 Ke1 64. Rf7 1/2-1/2

[Event "Fortaleza Genti Memorial"]
[Site "Fortaleza"]
[Date "2017.09.22"]
[Round "1"]
[White "Lemos, Dawton Almino"]
[Black "Silva Junior, Marcelo Valeriano"]
[Result "0-1"]
[WhiteElo "2206"]
[BlackElo "1793"]
[PlyCount "88"]
[EventDate "2017.09.22"]
[EventType "swiss"]
[EventRounds "6"]
[EventCountry "BRA"]
[SourceTitle "CBM 180 Extra"]
[Source "ChessBase"]
[SourceDate "2017.10.06"]
[SourceVersion "1"]
[SourceVersionDate "2017.10.06"]
[SourceQuality "1"]

1. e4 e5 2. Nf3 Nc6 3. d4 exd4 4. Bc4 d6 5. Nxd4 Nxd4 6. Qxd4 Nf6 7. Bg5 Be7 8. Nc3 0-0 9. 0-0-0 b6 10. f3 Bb7 11. h4 Nd7 12. Qd2 Ne5 13. Bb3 a5 14. a4 Bf6 15. Nb5 Rc8 16. Qf4 Ng6 17. Qf5 Re8 18. Bxf6 Qxf6 19. Qxf6 gxf6 20. Nd4 Re5 21. Nf5 Rf8 22. Nh6+ Kg7 23. Ng4 Rh5 24. Ne3 Bc8 25. Nd5 Be6 26. Nxc7 Bxb3 27. cxb3 Rc8 28. Rxd6 Rxc7+ 29. Kb1 b5 30. g3 bxa4 31. bxa4 Rhc5 32. Ka2 Rb7 33. h5 Ne5 34. h6+ Kf8 35. Rh2 Ke7 36. Ra6 Rb4 37. Ra7+ Ke6 38. b3 Rc3 39. f4 Nd3 40. Ra6+ Kd7 41. Ra7+ Kc8 42. Rxf7 Rbxb3 43. Rc2 Nb4+ 44. Ka1 Rxc2 0-1